Normal view
MARC view
- اللحام ، محمد/ م. مشارك سليمان عوني السعافين
Entry Personal Name
001 - CONTROL NUMBER
- control field: 35180
003 - CONTROL NUMBER IDENTIFIER
- control field: JO-AjAnu
005 - DATE AND TIME OF LATEST TRANSACTION
- control field: 20230606075903.0
008 - FIXED-LENGTH DATA ELEMENTS
- fixed length control field: 230606|| aca||aabn | a|a d
040 ## - CATALOGING SOURCE
- Original cataloging agency: JO-AjAnu
- Transcribing agency: JO-AjAnu
100 ## - HEADING--PERSONAL NAME
- Personal name: اللحام ، محمد/ م. مشارك سليمان عوني السعافين
670 ## - SOURCE DATA FOUND
- Source citation: Work cat.: (JO-AjAnu)18066: اللحام ، محمد/ م. مشارك سليمان عوني السعافين , author, سلسلة المعاصر في الرياضيات المعاصرة